000 00691cam a2200229 a 4500
999 _c6635
_d6635
001 3369
003 BD-DhUAP
005 20210105094742.0
008 200301s1990 at abf b f000 0 eng
020 _a0732903009
040 _aBD-DhUAP
_cBD-DhUAP
_dBD-DhUAP
_bEng
082 _a808.31 SAD
_223
100 _aSadler, R. K.
245 _aEnjoying stories :
_bbook 1 /
_cR. K. Sadler, T. A. S. Hayllar and C. J. Powell.
260 _aSouth Melbourne :
_bMacmillan,
_cc1990.
300 _a204 pages :
_c23 cm.
650 _aShort stories -- Appreciation.
700 _aHayllar, T. A. S.
700 _aPowell, C. J.
942 _2ddc
_cBK